Doracak për studentë të drejtësisë 2005-2006 (Record no. 317)
[ view plain ]
| 000 -LEADER | |
|---|---|
| fixed length control field | 00407nam a22001457a 4500 |
| 008 - FIXED-LENGTH DATA ELEMENTS--GENERAL INFORMATION | |
| fixed length control field | 131114b xxu||||| |||| 00| 0 alb d |
| 041 0# - LANGUAGE CODE | |
| Language code of text/sound track or separate title | alb |
| 080 ## - UNIVERSAL DECIMAL CLASSIFICATION NUMBER | |
| Universal Decimal Classification number | 340 |
| Common auxiliary subdivision | (035) |
| 245 10 - TITLE STATEMENT | |
| Title | Doracak për studentë të drejtësisë 2005-2006 |
| 260 ## - | |
| -- | Prishtinë : |
| -- | Qendra juridike e Kosovës ; |
| -- | 2005. |
| 300 ## - | |
| -- | 208 f. ; |
| -- | 24 cm. |
| 650 #0 - | |
| -- | Ligji |
| -- | Doracak |
| 650 #0 - | |
| -- | Drejtësia |
| -- | Doracak |
| 942 ## - ADDED ENTRY ELEMENTS (KOHA) | |
| Source of classification or shelving scheme | |
| Item type | Books |
| Withdrawn status | Lost status | Source of classification or shelving scheme | Damaged status | Not for loan | Collection code | Permanent location | Current location | Shelving location | Date acquired | Total Checkouts | Full call number | Barcode | Date last seen | Koha item type |
|---|---|---|---|---|---|---|---|---|---|---|---|---|---|---|
| Koleksioni i përgjithshem | UBT - Prishtine | UBT - Prishtine | Koleksioni i përgjithshem | 11/14/2013 | 340(035)DOR | 001-000409 | 11/14/2013 | Books | ||||||
| Koleksioni i përgjithshem | UBT - Prishtine | UBT - Prishtine | Koleksioni i përgjithshem | 11/14/2013 | 340(035)DOR | 001-000410 | 11/14/2013 | Books | ||||||
| Koleksioni i përgjithshem | UBT - Prishtine | UBT - Prishtine | Koleksioni i përgjithshem | 11/14/2013 | 340(035)DOR | 001-000412 | 11/14/2013 | Books | ||||||
| Koleksioni i përgjithshem | UBT - Prishtine | UBT - Prishtine | Koleksioni i përgjithshem | 11/14/2013 | 340(035)DOR | 001-000411 | 11/14/2013 | Books | ||||||
| Koleksioni i përgjithshem | UBT - Prishtine | UBT - Prishtine | Koleksioni i përgjithshem | 11/14/2013 | 340(035)DOR | 001-000413 | 11/14/2013 | Books |